| Tag |
First Indicator |
Second Indicator |
Subfields |
| LEADER |
00000cam a2200000 a 4500 |
| 001 |
in00001005621 |
| 005 |
20150928091209.0 |
| 007 |
he bm||||b||| |
| 008 |
910625r19881987gaua b 00000 eng d |
| 035 |
|
|
|a (OCoLC)23986282
|
| 035 |
|
|
|9 AFE2987AM
|
| 040 |
|
|
|a FTU
|c FTU
|d TXA
|d UtOrBLW
|
| 049 |
|
|
|a TXAI
|
| 090 |
|
|
|a TL521
|b .U68 1987-88 no.60
|
| 099 |
|
|
|a fiche
|a S
|a 934
|a no. 205
|
| 245 |
0 |
0 |
|a Lunar hand tools /
|c Karl F. Bentz ... [et.al.].
|
| 264 |
|
1 |
|a Atlanta, Ga. :
|b Georgia Institute of Technology,
|c [1987]
|
| 300 |
|
|
|a 1 volume (various pagings) :
|b illustrations
|
| 336 |
|
|
|a text
|b txt
|2 rdacontent
|
| 337 |
|
|
|a microform
|b h
|2 rdamedia
|
| 338 |
|
|
|a microfiche
|b he
|2 rdacarrier
|
| 500 |
|
|
|a "December 1987."
|
| 504 |
|
|
|a Includes bibliography.
|
| 533 |
|
|
|a Microfiche.
|b Houston, TX :
|c Dataplex Information Services,
|d [1988]
|e 1 microfiche : negative ; 11 x 15 cm.
|f (Advanced Design Program, no. 205)
|
| 500 |
|
|
|a Microform.
|
| 650 |
|
0 |
|a Lunar bases
|x Design and construction.
|
| 650 |
|
0 |
|a Space tools
|x Design and construction.
|
| 700 |
1 |
|
|a Bentz, Karl F.
|
| 710 |
2 |
|
|a Georgia Institute of Technology.
|
| 830 |
|
0 |
|a Advanced Design Program (Series) ;
|v no. 205.
|
| 999 |
|
|
|a MARS
|
| 999 |
f |
f |
|s b0c470ad-d5a8-300a-8b78-b016f6c9e69c
|i 050e9646-b869-38a8-8c19-eb8abf64baab
|t 0
|
| 952 |
f |
f |
|p default
|a Texas A&M University
|b College Station
|c Sterling C. Evans Library
|d Evans: Microforms (3rd floor)
|t 0
|e fiche S 934 no. 205
|h Other scheme
|i microform -- microfiche
|
| 998 |
f |
f |
|a fiche S 934 no. 205
|t 0
|l Evans: Microforms (3rd floor)
|